UM Logo

Do arrests and restraining orders work? / (Record no. 7781)

MARC details
000 -LEADER
fixed length control field 00782nam a2200193 4500
008 - FIXED-LENGTH DATA ELEMENTS--GENERAL INFORMATION
fixed length control field 171118b xxu||||| |||| 00| 0 eng d
020 ## - INTERNATIONAL STANDARD BOOK NUMBER
International Standard Book Number 0803970722 (acid-free paper)
082 ## - DEWEY DECIMAL CLASSIFICATION NUMBER
Edition number 1996
Classification number DC 364.115
Item number B99d
245 ## - TITLE STATEMENT
Title Do arrests and restraining orders work? /
Statement of responsibility, etc. editors, Eve S. Buzawa, Carl G. Buzawa.
260 ## - PUBLICATION, DISTRIBUTION, ETC. (IMPRINT)
Place of publication, distribution, etc. Thousand Oaks, Calif. :
Name of publisher, distributor, etc. Sage Publications,
Date of publication, distribution, etc. ©1996.
300 ## - PHYSICAL DESCRIPTION
Extent 284 pages :
Other physical details illustration ;
Dimensions 24 cm.
500 ## - GENERAL NOTE
General note Includes bibliographical references and indexes.
650 #0 - SUBJECT ADDED ENTRY--TOPICAL TERM
9 (RLIN) 23479
Topical term or geographic name as entry element Marital violence
General subdivision Prevention
Geographic subdivision United States.
650 #0 - SUBJECT ADDED ENTRY--TOPICAL TERM
9 (RLIN) 23480
Topical term or geographic name as entry element Arrest
Geographic subdivision United States.
650 #0 - SUBJECT ADDED ENTRY--TOPICAL TERM
9 (RLIN) 23481
Topical term or geographic name as entry element Restraining orders
Geographic subdivision United States.
700 ## - ADDED ENTRY--PERSONAL NAME
9 (RLIN) 23482
Personal name Buzawa, Eva Schlesinger. editor.
700 ## - ADDED ENTRY--PERSONAL NAME
9 (RLIN) 23483
Personal name Buzawa, Carl G. editor.
942 ## - ADDED ENTRY ELEMENTS (KOHA)
Source of classification or shelving scheme Dewey Decimal Classification
Koha item type Circulation
Holdings
Withdrawn status Lost status Source of classification or shelving scheme Damaged status Not for loan Collection code Home library Current library Date acquired Source of acquisition Total Checkouts Full call number Barcode Date last seen Copy number Price effective from Koha item type
    Dewey Decimal Classification     Circulation UM Digos College - LIC UM Digos College - LIC 02/02/2000 Photocopied   DC 364.115 B99d 1996 19613 06/08/2021 1 11/18/2017 Circulation